| 000 | 01208nam a2200325Ia 4500 | ||
|---|---|---|---|
| 001 | ebr10361676 | ||
| 003 | CaPaEBR | ||
| 006 | m u | ||
| 007 | cr cn||||||||| | ||
| 008 | 090831s2009 si ab s 001 0 eng d | ||
| 010 | _z 2009281401 | ||
| 020 | _z9789812835451 | ||
| 020 | _z9812835458 | ||
| 040 |
_aCaPaEBR _cCaPaEBR |
||
| 035 | _a(OCoLC)613642705 | ||
| 050 | 1 | 4 |
_aQC174.12 _bP334 2009eb |
| 100 | 1 |
_aPadmanabhan, T. _q(Thanu), _d1957- |
|
| 245 | 1 | 0 |
_aQuantum themes _h[electronic resource] : _bthe charms of the microworld / _cThanu Padmanabhan. |
| 260 |
_aSingapore ; _aHackensack, NJ : _bWorld Scientific, _cc2009. |
||
| 300 |
_axii, 225 p. : _bill., map. |
||
| 500 | _aIncludes index. | ||
| 533 |
_aElectronic reproduction. _bPalo Alto, Calif. : _cebrary, _d2010. _nAvailable via World Wide Web. _nAccess may be limited to ebrary affiliated libraries. |
||
| 650 | 0 | _aCosmology. | |
| 650 | 0 | _aMathematical statistics. | |
| 650 | 0 | _aMicrophysics. | |
| 650 | 0 | _aQuantum theory. | |
| 655 | 7 |
_aElectronic books. _2local |
|
| 710 | 2 | _aebrary, Inc. | |
| 856 | 4 | 0 |
_uhttp://site.ebrary.com/lib/rucke/Doc?id=10361676 _zAn electronic book accessible through the World Wide Web; click to view |
| 999 |
_c210413 _d210413 |
||